000 00342nam a2200133Ia 4500
008 170203s9999 xx 000 0 und d
020 _a9780521739177
245 _aCambridge practice tests for IELTS 7 :
260 _aCambridge :
260 _bCambridge University Press. 
260 _c2010
300 _a172 pages :
300 _c24 cm.
999 _c305965
_d305965